Statistics for Chain it

Click here to take the quiz!

General Stats

  • This quiz has been taken 19 times
  • The average score is 19 of 30

Answer Stats

HintAnswer% Correct
Book of mapsAtlas
94%
Himalayan countryNepal
88%
A fictional detective working with WatsonSherlock
88%
TerraEarth
82%
Reason of going to schoolEducation
82%
Across the center of the earthEquator
82%
World's most populous cityTokyo
82%
Country in EuropeEstonia
76%
One half of the earthHemisphere
76%
Depleted atmospheric layerOzone
76%
Japanese cityOsaka
71%
Currency of RussiaRuble
71%
Language spoken by over 200.000.000Arabic
65%
Type of instrumentDrum
65%
Feeling or state of intense excitement and happinessEuphoria
65%
Scottish garnetKilt
65%
St. Petersburg, formerlyLeningrad
65%
A north Italian rice dishRisotto
65%
Home state of ElvisTennesee
65%
African countryUganda
65%
Type of food made from curdled milkYoghurt
65%
The study of the structure of organisms and their partsAnatomy
59%
State in USArizona
59%
A fruitMango
59%
Hawaiian islandOahu
53%
A game originated in IndiaChess
47%
The largest empire in pre-Columbian AmericaIncan Empire
47%
American retail companyTarget
41%
A greek islandSantorini
18%
First name of IKEA founderIngvar
12%

Score Distribution

Percentile by Number Answered

Percent of People with Each Score

Your Score History

You have not taken this quiz